| 000 | 00750nam a22002297a 4500 | ||
|---|---|---|---|
| 005 | 20170124110225.0 | ||
| 010 | _aA-895514 | ||
| 020 |
_c400.00 _a8170249791 |
||
| 035 | _aA-895514 | ||
| 037 | _bCen Lib/Ret | ||
| 040 |
_aDPL _bEN |
||
| 082 |
_a321.8 _bVAD |
||
| 100 |
_aVadackumchery, James _940612 |
||
| 245 |
_cby James Vadackumchery _aPolicing the largest democracy / |
||
| 260 |
_aNew Delhi _bAPH Publishing Corporation _c1998 |
||
| 270 |
_a5, ansari road _bNew Delhi _e110002 |
||
| 300 |
_axxv, 215p. _c21cm(Hb) |
||
| 500 | _aIncludes bibliographical references and index | ||
| 650 |
_aPolice administration _z _xPublic opinion _940613 |
||
| 650 |
_aPolice _xPublic opinion _940614 |
||
| 942 |
_2ddc _cEN _h321.8 _mVAD |
||
| 999 |
_c134399 _d134399 |
||